00623nam a2200193Ia 4500008004100000020001800041082002700059100004000086245011200126260004600238260002000284260000900304300001000313650001500323650003200338650003200370942001000402999001700412260428s9999 xx 000 0 und d a9789561413399 a346.830664 A346r 2013  aAlcalde Rodríguez, Enrique934191 0aLa responsabilidad de los directores de sociedades anónimas: responsabilidad civil y penal administrativa aEdiciones Universidad Católica de Chile bSantiago, Chile c2013 a498p. aChile9121 aResponsabilidad Civil91805 aResponsabilidad Penal92060 clibro c20522d20522